000 00364nab a22001097u 4500
008 130520b1947 xxu||||| |||| 00| 0 fre d
041 _afre
100 1 _aSohier, Albert
_955631
245 0 0 _aLa Foi probable. L'acte de foi d'après Gilles Estrix (1624-1694)
_cAlbert Sohier
773 0 _tGregorianum
_gV.28, nº4,1947,págs. 311-554
_x0017-4114
_wRev219
942 _cAR
999 _c314855
_d314855